01823cam a22004337a 4500003000500000005001700005008004100022010001000063011001000073035001000083040000900093090001000102100003800112245011000150260004100260300002300301502007500324530003600399590003700435590004100472590004100513590004100554590004100595590004100636590004200677650005100719650004800770650003500818650003600853856006300889901000700952905002600959942000900985949006200994949004901056999001701105952014001122952012701262CHAP20220329142748.0030618s2003 mx r 00010 spa d a87403 a88375 a98920 cCHAP aTesis00aRucoba García, Armando.910051910aSituación y perspectivas de la red de valor de carne de cerdo en Méxicoc/por Armando Rucoba García aChapingo, Méx. :bEl autor,c2003. a103 h. ;bgráfs. aTesis (Ing. Agr. Esp. en Zootecnia) -- UACH. Departamento de Zootecnia aTambién disponible en línea aALEPHb10c20130110lUCH01h1454 aBATCH-UPDb10c20130110lUCH01h0432 aBATCH-UPDb10c20130410lUCH01h0108 aBATCH-UPDb10c20130914lUCH01h0849 aBATCH-UPDb10c20140324lUCH01h1439 aBATCH-UPDb10c20141002lUCH01h0818 aCONVERSIONb10c20130109lUCH01h134814aCarne de puercoxAspectos económicos.91917514aCarne de puercoxMercadeozMéxico.91918414aEmpresas agropecuarias.93664914aProyectosxEvaluación.992525 3Finding aiduhttp://10.13.5.2/tesis/98920.pdfzTeclea aqui aBK aAlejandra Carrasco M. cFOLL aTesisbBCcTESd33724000897864eTS2fc.2h41217i98920sb aTesisbBCcTESd989201eTS1h41216i98920sb c87403d87403 00102local4053708TESISaBCbBCcPA_TESISd2019-12-31fTESISl0oTesisp33724000897864r2019-12-31 00:00:00tc.2w2019-12-31yTESIS 00102local4051708TESISaBCbBCcPA_TESISd2019-12-31fTESISl0oTesisp989201r2019-12-31 00:00:00w2019-12-31yTESIS